[Event "Avoine op 31st"]
[Site "Avoine"]
[Date "2016.07.28"]
[Round "6"]
[White "Caloone, Thomas"]
[Black "Gauclain, Loic"]
[Result "1-0"]
[WhiteElo "2029"]
[BlackElo "1672"]
[PlyCount "100"]
[EventDate "2016.07.23"]
[EventType "swiss"]
[EventRounds "9"]
[EventCountry "FRA"]
[SourceTitle "CBM 173 Extra"]
[Source "ChessBase"]
[SourceDate "2016.08.29"]
[SourceVersion "1"]
[SourceVersionDate "2016.08.29"]
[SourceQuality "1"]

1. e4 e6 2. d4 d5 3. Bd3 Nf6 4. e5 Nfd7 5. f4 c5 6. c3 Nc6 7. Nf3 Qb6 8. Bc2 cxd4 9. cxd4 Be7 10. 0-0 0-0 11. Kh1 f6 12. Nc3 fxe5 13. fxe5 a6 14. Bg5 Qd8 15. Be3 b5 16. Rf2 Bb7 17. Qe2 Qb6 18. Raf1 Rad8 19. Qd2 Rxf3 20. Rxf3 Ndxe5 21. dxe5 d4 22. Bg5 dxc3 23. Bxe7 Nxe7 24. Qd6 Qxd6 25. exd6 Nf5 26. Rxc3 Rxd6 27. Bb3 Kf8 28. Rc7 Be4 29. Bc2 Bc6 30. Kg1 Ke8 31. Bxf5 exf5 32. Rxf5 Bd7 33. Re5+ Kd8 34. Rc2 Be6 35. b3 g6 36. Ree2 Ke7 37. Red2 Bd5 38. Rc7+ Ke6 39. Rxh7 Rc6 40. Rg7 Ke5 41. Kf2 Be4 42. Re2 Kf6 43. Rd7 Bf5 44. Rd4 a5 45. h4 Bc8 46. g4 Rc3 47. Rf4+ Kg7 48. Re5 Rc2+ 49. Ke3 Rxa2 50. Re7+ Kg8 1-0

[Event "Chateauroux op 15th"]
[Site "Chateauroux"]
[Date "2014.10.26"]
[Round "3"]
[White "Gauclain, Loic"]
[Black "Budak, Rewi"]
[Result "1/2-1/2"]
[WhiteElo "1675"]
[BlackElo "1829"]
[PlyCount "150"]
[EventDate "2014.10.25"]
[EventType "swiss"]
[EventRounds "7"]
[EventCountry "FRA"]
[SourceTitle "EXT 2015"]
[Source "ChessBase"]
[SourceDate "2014.11.20"]
[SourceVersion "1"]
[SourceVersionDate "2014.11.20"]
[SourceQuality "1"]

1. e4 c5 2. Nc3 Nc6 3. g3 Nf6 4. Bg2 e6 5. f4 d5 6. e5 Nd7 7. Nf3 a6 8. Ne2 Rb8 9. c3 b5 10. d4 c4 11. 0-0 Be7 12. Be3 h5 13. h3 Nb6 14. g4 hxg4 15. hxg4 b4 16. Qc2 b3 17. Qd2 bxa2 18. Rxa2 a5 19. Ng3 Bh4 20. Bf2 Bd7 21. Nh5 Bxf2+ 22. Qxf2 g6 23. Nf6+ Ke7 24. Ng5 Qf8 25. Ngh7 Qh6 26. g5 Qg7 27. Qh4 Kd8 28. Qh6 Qxh6 29. gxh6 Be8 30. Rf3 Nd7 31. Rh3 Rb5 32. Nxd7 Kxd7 33. Nf6+ Ke7 34. Bf3 Nb8 35. Bd1 Rb7 36. Nxe8 Kxe8 37. Rh2 Ra7 38. b4 cxb3 39. Bxb3 Ke7 40. Ba4 Rc7 41. Ra3 f6 42. Rb3 Nd7 43. Bxd7 Rxd7 44. h7 Kf7 45. Rb6 fxe5 46. fxe5 Ra7 47. Rf2+ Kg7 48. Rf6 Re8 49. h8Q+ Kxh8 50. Rxg6 a4 51. Rb2 Rg7 52. Rh2+ Kg8 53. Rxg7+ Kxg7 54. Ra2 Rc8 55. Ra3 Rc4 56. Kf2 Kg6 57. Ke2 Kf5 58. Kd3 Kf4 59. Ra1 Kg5 60. Rg1+ Kh6 61. Kc2 Rc6 62. Kb2 Ra6 63. Ka3 Kh7 64. Kb4 Ra7 65. Ra1 Rb7+ 66. Kc5 Ra7 67. c4 dxc4 68. Kxc4 Kg6 69. Kb4 Kf5 70. Kc5 a3 71. Kc4 Ra5 72. Kb4 Rd5 73. Kc3 Ke4 74. Rxa3 Rxd4 75. Ra6 Kxe5 1/2-1/2